A Woman's guide to birth-tech : tests and technology in pregnancy and birth
| Main Author: | |
|---|---|
| Format: | Book |
| Published: |
London :
Christopker Helm ,
1989
|
| Subjects: |
MARC
| LEADER | 00000cam a2200000 7i4500 | ||
|---|---|---|---|
| 001 | 0000004417 | ||
| 002 | 000004747 | ||
| 005 | 20000330.0 | ||
| 020 | |a 0747004099 | ||
| 090 | 0 | 0 | |a 618.2 |b CHA |
| 100 | 1 | |a Charlish, Anne | |
| 245 | 1 | 2 | |a A Woman's guide to birth-tech : |b tests and technology in pregnancy and birth |c Anne Charlish |
| 260 | |a London : |b Christopker Helm , |c 1989 | ||
| 300 | |a 159p. ; |c 21cm. | ||
| 650 | 0 | 0 | |a Pregnancy |
| 650 | 0 | 0 | |a Pregnancy |x Testing |
| 999 | |a 032280 |b BUKU |c PINJAMAN |e PERPUSTAKAAN KOMUNITI PETALING JAYA | ||